Sports Quiz

Random Sports or Football Quiz

Premier League Top/Bottom 12/13 Quiz Stats

 Plays Quiz not verified by Sporcle

Support Sporcle.
Go Orange.
Score 0/56 Timer 07:00
0 Plays Today
% Correct
Chelsea
96.7%
Arsenal
93.4%
Manchester United
91.2%
Chelsea
47.3%
Chelsea
46.2%
Manchester United
44%
Arsenal
42.9%
Manchester City
41.8%
Manchester United
41.8%
Manchester United
41.8%
Manchester United
41.8%
Arsenal
40.7%
Manchester City
40.7%
Chelsea
40.7%
Manchester United
40.7%
Tottenham Hotspur
39.6%
Chelsea
38.5%
Manchester City
37.4%
Chelsea
37.4%
Arsenal
37.4%
Manchester City
37.4%
Tottenham Hotspur
37.4%
Arsenal
36.3%
Manchester City
36.3%
Tottenham Hotspur
36.3%
Arsenal
36.3%
Tottenham Hotspur
36.3%
Wigan Athletic
30.8%
% Correct
Aston Villa
29.7%
West Ham United
29.7%
Wigan Athletic
29.7%
West Ham United
29.7%
West Ham United
27.5%
West Ham United
27.5%
West Ham United
27.5%
West Ham United
27.5%
Wigan Athletic
24.2%
Everton
23.1%
Stoke City
23.1%
Wolverhampton Wanderers
23.1%
Manchester United
23.1%
Wolverhampton Wanderers
22%
Wolverhampton Wanderers
22%
Arsenal
22%
Aston Villa
20.9%
Wolverhampton Wanderers
20.9%
Bolton Wanderer
18.7%
Everton
18.7%
Tottenham Hotspur
17.6%
Chelsea
17.6%
Manchester City
14.3%
Fulham
13.2%
Wigan Athletic
13.2%
Blackburn Rovers
12.1%
West Ham United
12.1%
Wolverhampton Wanderers
7.7%

You're not logged in!

Compare scores with friends on all Sporcle quizzes.
OR
Log In

From the Vault

Bullseye Blitz: Science!

by bhenderson79

You really shouldn't be throwing darts around in the chem lab.
Remove Ads.
Support Sporcle.
Get the best of Sporcle when you Go Orange. This ad-free experience offers more features, more stats, and more fun while also helping to support Sporcle. Thank you for becoming a member.

Show Comments

Extras

Top Quizzes Today


Score Distribution

Your Account Isn't Verified!

In order to create a playlist on Sporcle, you need to verify the email address you used during registration. Go to your Sporcle Settings to finish the process.

Report this User

Report this user for behavior that violates our Community Guidelines.

Details: